00889cam a22002411a 4500001001300000003000400013005001700017008004100034010001700075035002000092040001900112042001200131050001500143100002200158245008000180260003800260300002600298502004300324500019200367504003200559500002000591651003600611sa 66000645 DLC20260227112216.0850212s1965 ii b 001 0 eng  asa 66000645  a(OCoLC)11687892 aDLCcScGFdDLC apremarc00aJQ254b.R31 aRashiduzzaman, M.14aThe central legislature in British India, 1921-1947 /cby M. Rashiduzzaman. aDacca :bMullick Brothers,c1965. axiv, 282 p. :c23 cm. aThesis (Ph. D.)--University of Durham. a"Thesis approved for the degree of Doctor of Philosophy by the University of Durham and chosen co-winner of the Gilbert Campion Award by the Hansard Society for Parliamentary Government." aBibliography: p. [270]-277. aIncludes index. 0aIndiaxPolitics and government.